20 grands créateurs de mode - Statistiques

Statistiques générales
  • Ce quiz a été pris 454 fois
  • Le résultat moyen est 8 sur 20
Statistiques - réponses
Indices Créateurs % Correct
No 5 ( parfum ) Coco Chanel
97%
YSL Yves Saint Laurent
97%
Lignes « Corolle » ou « En 8 » ( surnommée « New Look » ) Christian Dior
78%
Le "Kaiser" avec son catogan et sa chatte Choupette Karl Lagerfeld
72%
Créateur du bustier à bonnets coniques de Madonna Jean-Paul Gaultier
60%
Assassiné par le tueur en série Andrew Cunanan Gianni Versace
51%
« enfant terrible de la mode » qui contribue à lancer la mode punk Vivienne Westwood
42%
Espagnol surnommé « le maître » ou encore « le couturier des couturiers » Cristóbal Balenciaga
41%
Audrey Hepburn fut son égérie Hubert de Givenchy
36%
Styliste japonais ayant fait carrière en France Kenzō Takada
32%
Créateur de la " robe bulle", de la " robe Cardine" ou des costumes col Mao Pierre Cardin
30%
Créations architecturées pour « superwomen » à talons hauts et aux épaules carrées Thierry Mugler
27%
Nostradamus des années 90 ! Paco Rabanne
26%
Créatrice de la nuance de fuchsia "Rose shocking" Elsa Schiaparelli
25%
« surdoué de la mode » né à Gibraltar, licencié par Dior en 2011 John Galliano
25%
L'Air du temps ( parfum ) Nina Ricci
23%
« Le Corbusier » de la mode, promoteur de la minijupe et du pantalon pour les femmes André Courrèges
19%
« la reine du tricot », inventrice de la « démode » Sonia Rykiel
16%
Créateur adulé par les fashionistas du monde entier pour ses robes ultramoulantes Azzedine Alaïa
15%
Expert dans l’art des mélanges fantaisistes entre les styles, les folklores et les époques Christian Lacroix
10%
Aucun quiz correspondant
Distribution des résultats
% des personnes avec chaque résultat
Percentile par nombre de réponses
Votre historique - résultats
Vous n’avez pas pris ce quiz